Sports, sports everywhere, (Record no. 1872)

MARC details
000 -LEADER
fixed length control field 00885cam a22003131 4500
001 - CONTROL NUMBER
control field data
005 - DATE AND TIME OF LATEST TRANSACTION
control field 20260322212122.0
008 - FIXED-LENGTH DATA ELEMENTS--GENERAL INFORMATION
fixed length control field data
035 ## - SYSTEM CONTROL NUMBER
System control number 7501839
010 ## - LIBRARY OF CONGRESS CONTROL NUMBER
LC control number 62009239
035 ## - SYSTEM CONTROL NUMBER
-- (DLC) 62009239
035 ## - SYSTEM CONTROL NUMBER
System control number (OCoLC)1635939
040 ## - CATALOGING SOURCE
Original cataloging agency DLC
Transcribing agency OT
Modifying agency DLC
042 ## - AUTHENTICATION CODE
Authentication code premarc
050 00 - LIBRARY OF CONGRESS CALL NUMBER
Classification number PZ9.J8
Item number Sp
100 1# - MAIN ENTRY--PERSONAL NAME
Personal name Jupo, Frank J.
245 10 - TITLE STATEMENT
Title Sports, sports everywhere,
Statement of responsibility, etc. written and illustrated by Frank Jupo.
260 ## - PUBLICATION, DISTRIBUTION, ETC.
Place of publication, distribution, etc. New York,
Name of publisher, distributor, etc. Dodd,
Date of publication, distribution, etc. [c1962]
300 ## - PHYSICAL DESCRIPTION
Extent 64 p.
336 ## - CONTENT TYPE
Content type term text
Content type code txt
Source rdacontent
337 ## - MEDIA TYPE
Media type term unmediated
Media type code n
Source rdamedia
338 ## - CARRIER TYPE
Carrier type term volume
Carrier type code nc
Source rdacarrier
650 #0 - SUBJECT ADDED ENTRY--TOPICAL TERM
Topical term or geographic name entry element Sports.
650 #1 - SUBJECT ADDED ENTRY--TOPICAL TERM
Topical term or geographic name entry element Sports.
906 ## - LOCAL DATA ELEMENT F, LDF (RLIN)
a 7
b cbc
c oclcrpl
d u
e ncip
f 19
g y-gencatlg
985 ## -
-- OCLC REPLACEMENT cdsdistr
991 ## -
-- c-GenColl
-- PZ9.J8
-- Sp
-- 0002088762A
-- Copy 1
-- OCLCREP
Holdings
Withdrawn status Lost status Damaged status Not for loan Home library Current library Shelving location Date acquired Total checkouts Full call number Barcode Date last seen Price effective from Koha item type
        Troy Troy General stacks 22/03/2026   PZ9.J8 LOC-TPL-00004 22/03/2026 22/03/2026 Books